000 01341cad a22002535a 4500
001 L156639
008 120615s2012 xxk f 000 0 eng d
035 _a(Sirsi) u156639
041 0 _aeng
100 1 _aClapham, David
245 0 0 _aHousing options and solution for young people in 2020
_h[electronic resource]
260 _aYork
_cJoseph Rowntree Foundation
_b2012
520 _aHousing options for young people agreed 18 and 30 are uncertain due to current economic, social and political issues. Looking ahead to 2020, considers housing options available for these people. Predicts that an extra 1.5m will move into the private rented sector due to problems in accessing home ownership and social housing. Recommendations include providing better private rented housing and social housing to meet the varied needs of this age group particularly young families, those on low incomes and those who are vulnerable due to their support needs.
590 _aKA
651 4 _aUnited Kingdom
_y
700 1 _aMackie, Peter
700 1 _aOrford, Scott
700 1 _aBuckley, Kelly
700 1 _aThomas, Ian
700 1 _aAtherton, Iain
700 1 _aMcAnuity, Ursula
856 4 0 _uhttps://www.jrf.org.uk/sites/files/jrf/young-people-housing-options-full_0.pdf
_zView the item free of charge from the www.jrf.org.uk
942 _n0
999 _c114337
_d114337